00461 2200181 4500245005100000020001800051250001100069100002100080700001900101700002200120650001700142005001900159260003100178041001400209084001300223300003400236336000900270 aElectric Daisy Vol. 15cKyousuke, MotomihText a9786022668718 aCet. 1 aKyousuke, Motomi aFebby Ismiyati aDian Indrinuswati aKomik Jepang a20230907095913 aJakartabPT Gramediac2014 aIndonesia a741.5592 a... jil. :bilus. ;c17,5 cm. atext